Hitchcock-Klassiker - Statistiken

Allgemein
  • Dieses Quiz wurde 78 mal gespielt
  • Das Durchschnittsergebnis liegt bei 6 aus 14
Antwortstatistiken
Jahr Film % Korrekt
1960 Psycho
92%
1963 Die Vögel
90%
1958 Vertigo
71%
1954 Das Fenster zum Hof
68%
1964 Marnie
51%
1956 Der Mann, der zuviel wußte
37%
1972 Frenzy
32%
1948 Cocktail für eine Leiche
30%
1976 Familiengrab
25%
1969 Topas
22%
1955 Immer Ärger mit Harry
17%
1966 Der zerrissene Vorhang
14%
1943 Im Schatten des Zweifels
11%
1942 Saboteure
10%
Keine übereinstimmenden Quizze gefunden
Verteilung der Resultate
Anzahl Personen mit jedem Resultat
Perzentil nach korrekt beantworteten Fragen
Ihre Resultats-Entwicklung
Sie haben dieses Quiz noch nicht gespielt